000 00437nam a2200181Ia 4500
005 20250923144222.0
008 008 250917s9999 xx 000 0 eng d
037 _aTextual
040 _aDSWL
_beng
_cDSWL
041 _aeng
_2eng
084 _qDSWL
100 _aLing, C.F
_9822507
245 0 _aDowning toda land
_cby C.F Ling
260 _c1919
300 _a84 p.
942 _cTEXL
999 _c1436214
_d1436214